000 00464nam a22001697a 4500
003 CEME
005 20210628205124.0
008 210226b xxu||||| |||| 00| 0 eng d
020 _a0-262-08081-8
040 _c.
082 _a539.7 HEN'N
100 _aNuclear reactor analysis
_974039
245 _aNuclear reactor analysis
260 _aCAMBRIDGE
_bTHE MIT PRESS
_c1975
650 _aNUCLEAR TRANSPORT THEORY NUCLEAR REACTOR ACC NO-
_974040
942 _cBK
_2ddc
999 _c579617
_d579617